| Tag |
First Indicator |
Second Indicator |
Subfields |
| LEADER |
00000nam a2200000Ia 4500 |
| 001 |
in00004199713 |
| 005 |
20200806090913.0 |
| 006 |
m g d |
| 007 |
cr bn |||a|bb| |
| 008 |
900410s1582 enk o 00| | eng d |
| 035 |
|
|
|a (OCoLC)21354240
|
| 040 |
|
|
|a EBK
|c EBK
|d WaOLN
|
| 037 |
|
|
|a CL0036000049
|b ProQuest. 789 E. Eisenhower Parkway, Ann Arbor, MI 48108-3218
|
| 090 |
|
|
|a BX1961
|b .C47 1582
|
| 049 |
|
|
|a UMIA
|
| 245 |
0 |
0 |
|a Certaine short questions and answeres :
|b very profitable and necessary for yong children, and such as are desirous to be instructed in the principles of the Christian fayth.
|
| 260 |
|
|
|a At London:
|b Printed by Robert VValdegraue, for Thomas Man,
|c 1582.
|
| 300 |
|
|
|a 1 online resource ([16] pages)
|
| 336 |
|
|
|a text
|b txt
|2 rdacontent
|
| 337 |
|
|
|a computer
|b c
|2 rdamedia
|
| 338 |
|
|
|a online resource
|b cr
|2 rdacarrier
|
| 500 |
|
|
|a Title in ornamental border.
|
| 500 |
|
|
|a Signatures: A⁸.
|
| 500 |
|
|
|a Imperfect: tightly bound and stained with print show-through and loss of printing.
|
| 500 |
|
|
|a Reproduction of original in the Bodleian Library.
|
| 510 |
4 |
|
|a STC (2nd edition)
|c 20559
|
| 533 |
|
|
|a Electronic reproduction.
|b Ann Arbor, Mich. :
|c UMI,
|d 1999-
|f (Early English books online)
|n Digital version of: (Early English books, 1475-1640 ; 1713:2)
|7 s1999 miun s
|
| 610 |
2 |
0 |
|a Catholic Church
|v Catechisms
|x English.
|
| 650 |
|
0 |
|a Catechisms, English.
|
| 830 |
|
0 |
|a Early English books online.
|
| 856 |
4 |
0 |
|u http://proxy.library.tamu.edu/login?url=https://search.proquest.com/docview/2240959378
|z Connect to the full text of this electronic book
|t 0
|
| 999 |
f |
f |
|s 97ac276e-946a-37c5-9f78-1560598a71a6
|i d5d71231-553f-394f-9f9f-2d9cefabed23
|t 0
|
| 952 |
f |
f |
|a Texas A&M University
|b College Station
|c Electronic Resources
|d Available Online
|t 0
|e BX1961 .C47 1582
|h Library of Congress classification
|
| 998 |
f |
f |
|a BX1961 .C47 1582
|t 0
|l Available Online
|